[Event "Troy (TCC/M/3/2)"]
[Site "?"]
[Date "1993.??.??"]
[Round "?"]
[White "Tsemekhman, Vadim"]
[Black "Andrews, R."]
[Result "1-0"]
[WhiteElo "2435"]
[BlackElo "2230"]
[PlyCount "79"]
[EventDate "1993.??.??"]

{3/(2)} 1. d4 Nf6 2. c4 e6 3. Nc3 d5 4. cxd5 exd5 5. Bg5 Be7 6. e3 O-O 7. Bd3
c6 8. Qc2 Nbd7 9. Nge2 Re8 10. O-O Nf8 11. f3 Be6 12. Rad1 Qa5 13. Bh4 Ng4 14.
fxg4 Bxh4 15. h3 Rad8 16. Rf3 Qc7 17. Rdf1 Bg5 18. Nf4 Bxf4 19. exf4 Bc8 20. f5
f6 21. g5 Qe7 22. Qf2 fxg5 23. f6 gxf6 24. Rxf6 Be6 25. Qe3 Qg7 26. Rxf8+ Rxf8
27. Qxe6+ Kh8 28. Rxf8+ Rxf8 29. Ne2 Qf6 30. Qe3 Rf7 31. Kh2 Re7 32. Qg3 Re8
33. Qg4 h6 34. Ng3 Kg8 35. Qd7 Qe7 36. Qf5 Qd6 37. Qh7+ Kf8 38. Bg6 Qf6 39.
Qxh6+ Ke7 40. Qh7+ 1-0

[Event "Flint (MI Jr/4)"]
[Site "?"]
[Date "1993.??.??"]
[Round "?"]
[White "Truong, M."]
[Black "Vaka, Flamur"]
[Result "0-1"]
[WhiteElo "1605"]
[BlackElo "1635"]
[PlyCount "108"]
[EventDate "1993.??.??"]

1. e4 c6 2. d4 d5 3. Nc3 dxe4 4. Nxe4 Nf6 5. Nxf6+ gxf6 6. Bf4 Bf5 7. c3 e6 8.
Bd3 Bxd3 9. Qxd3 Bd6 10. Qg3 Bxf4 11. Qxf4 Nd7 12. Nf3 Nb6 13. O-O-O Nd5 14.
Qd2 Qc7 15. Qc2 O-O-O 16. g3 Qa5 17. Kb1 Qb6 18. Rhe1 h6 19. Kc1 Qa6 20. a3 Nb6
21. Nd2 Qb5 22. Ne4 Qf5 23. Nc5 Qxc2+ 24. Kxc2 Rd5 25. Ne4 f5 26. Nc5 Rhd8 27.
Nd3 Nd7 28. Ne5 Nxe5 29. dxe5 Rxd1 30. Rxd1 Rxd1 31. Kxd1 Kc7 32. Kd2 Kb6 33.
Kd3 Kc5 34. f4 b5 35. b3 Kd5 36. c4+ bxc4+ 37. bxc4+ Kc5 38. Kc3 a6 39. Kd3 Kb6
40. Kd4 c5+ 41. Kc3 Ka5 42. Kb3 Kb6 43. Ka4 Kb7 44. Kb3 Kb6 45. h3 h5 46. a4
Kc6 47. a5 Kd7 48. Kc3 Ke7 49. Kd3 f6 50. Ke3 fxe5 51. fxe5 Kf7 52. Kf4 Kg6 53.
g4 hxg4 54. hxg4 fxg4 0-1

[Event "Flint (MI Jr/2)"]
[Site "?"]
[Date "1993.??.??"]
[Round "?"]
[White "Truong, M."]
[Black "Scott, A."]
[Result "1-0"]
[WhiteElo "1605"]
[BlackElo "1605"]
[PlyCount "67"]
[EventDate "1993.??.??"]

1. e4 e5 2. Bc4 Nf6 3. Nc3 Nc6 4. Nf3 h6 5. d3 d6 6. h3 Be7 7. Be3 b6 8. a3 Bb7
9. Qd2 Qd7 10. Nd5 O-O-O 11. b4 a6 12. Bxb6 Nxd5 13. exd5 cxb6 14. dxc6 Bxc6
15. Bxa6+ Bb7 16. Bxb7+ Qxb7 17. O-O Bf6 18. Rab1 d5 19. Qc3+ Kb8 20. Qb3 Rd6
21. Kh1 g5 22. Rfe1 Re6 23. c4 dxc4 24. dxc4 h5 25. Ng1 g4 26. Qe3 Bg7 27. Qe4
Qe7 28. c5 bxc5 29. bxc5+ Kc8 30. Qa8+ Kd7 31. Qb7+ Kd8 32. Red1+ Ke8 33. Qc8+
Qd8 34. Qxd8# 1-0

[Event "East Lansing (MOR/2/43)"]
[Site "?"]
[Date "1993.??.??"]
[Round "?"]
[White "Troupe, D."]
[Black "Zuniga, Jesus"]
[Result "1-0"]
[WhiteElo "1605"]
[BlackElo "1605"]
[PlyCount "71"]
[EventDate "1993.??.??"]

{2/(43)} 1. e4 e5 2. Nf3 Nc6 3. Bb5 Bd6 4. d4 Nf6 5. Nc3 Qe7 6. O-O h6 7. h3 a6
8. Ba4 b5 9. Bb3 O-O 10. a3 exd4 11. Nxd4 Nxd4 12. Qxd4 Be5 13. Qd3 Bxc3 14.
bxc3 Qxe4 15. Qxe4 Nxe4 16. Bd5 c6 17. Bxe4 Re8 18. Re1 d5 19. Bh7+ Kxh7 20.
Rxe8 c5 21. Rd8 c4 22. Rxd5 Be6 23. Rc5 Re8 24. Be3 Rd8 25. a4 bxa4 26. Rxa4
Rd1+ 27. Kh2 g6 28. Rxa6 Bf5 29. Ra7 Bxc2 30. Rxf7+ Kg8 31. Ra7 Bf5 32. Rb5 Rd8
33. Bxh6 Bd7 34. Rc5 Be6 35. Rg7+ Kh8 36. Rcc7 1-0

[Event "Lansing (MI Am/2)"]
[Site "?"]
[Date "1993.??.??"]
[Round "?"]
[White "Troupe, D."]
[Black "Mulligan, D."]
[Result "1-0"]
[WhiteElo "1605"]
[BlackElo "1605"]
[PlyCount "127"]
[EventDate "1993.??.??"]

1. e4 e5 2. Nf3 Bc5 3. Bc4 c6 4. Nxe5 Qh4 5. Qf3 Nf6 6. Bxf7+ Kd8 7. h3 Nxe4 8.
g3 Bxf2+ 9. Ke2 Nxg3+ 10. Kxf2 Nxh1+ 11. Kg2 Nf2 12. Qxf2 Qe4+ 13. Nf3 Qxc2 14.
Nc3 Rf8 15. Qh4+ Kc7 16. Qg3+ d6 17. Qxg7 Nd7 18. Nd4 Qd3 19. Ne6+ Kb6 20. Nxf8
Nxf8 21. Na4+ Ka5 22. b3 Qxh3+ 23. Kf2 Qh2+ 24. Qg2 Qf4+ 25. Qf3 Qd4+ 26. Ke2
Bg4 27. Qxg4 Qxg4+ 28. Ke3 Qf5 29. Bc4 Re8+ 30. Kd4 c5+ 31. Kc3 Qe5+ 32. d4
Qxd4+ 33. Kc2 h5 34. Bd2+ Qxd2+ 35. Kxd2 Re7 36. Rh1 Rh7 37. Bd3 Rh6 38. Rh4
Ne6 39. a3 Nd4 40. Kc3 b5 41. Nb2 Kb6 42. Nd1 a5 43. Ne3 b4+ 44. axb4 axb4+ 45.
Kc4 Re6 46. Nd5+ Ka5 47. Rxh5 Re1 48. Nxb4 Rc1+ 49. Nc2 Nxc2 50. Kd5 Rd1 51.
Rh3 Kb4 52. Kxd6 Rb1 53. Bxc2 c4 54. Rh4 Kc3 55. Rxc4+ Kb2 56. Bxb1 Kxb1 57. b4
Kb2 58. b5 Kb3 59. Kd5 Kb2 60. b6 Kb3 61. b7 Kb2 62. b8=Q+ Ka3 63. Qb5 Ka2 64.
Ra4# 1-0

[Event "East Lansing (MOR/6/37)"]
[Site "?"]
[Date "1993.??.??"]
[Round "?"]
[White "Troupe, D."]
[Black "Jackson, Don"]
[Result "0-1"]
[WhiteElo "1605"]
[BlackElo "1605"]
[PlyCount "88"]
[EventDate "1993.??.??"]

{6/(37)} 1. e4 c5 2. Nf3 Nc6 3. Nc3 d6 4. h3 e6 5. Bb5 a6 6. Bxc6+ bxc6 7. d3
e5 8. O-O Nf6 9. Bg5 Be7 10. Nd2 d5 11. exd5 cxd5 12. Re1 Qd6 13. Bh4 O-O 14.
Bg3 Nd7 15. Qf3 Bb7 16. Qh5 Bf6 17. Nf3 Rfe8 18. d4 cxd4 19. Nxd4 Qc5 20. Nb3
Qe7 21. Qg4 Rab8 22. Nd4 Qb4 23. Nf5 Qxg4 24. hxg4 Re6 25. Bh4 e4 26. Bxf6 Nxf6
27. Nd4 Ree8 28. f3 Rbd8 29. g5 Nh5 30. Re3 Re5 31. fxe4 dxe4 32. Rd1 f5 33.
gxf6 Nxf6 34. b4 Ng4 35. Rg3 h5 36. Nce2 e3 37. Rd3 Rf8 38. Nf3 Ref5 39. Rxg4
hxg4 40. Nh4 Rf2 41. Rxe3 g5 42. Ng6 Rxg2+ 43. Kh1 Rf1+ 44. Ng1 Rfxg1# 0-1

[Event "East Lansing (MOR/4/20)"]
[Site "?"]
[Date "1993.??.??"]
[Round "?"]
[White "Troupe, D."]
[Black "Grzegorczyk, Ron"]
[Result "0-1"]
[WhiteElo "1605"]
[BlackElo "1640"]
[PlyCount "68"]
[EventDate "1993.??.??"]

{4/(20)} 1. e4 c5 2. Nf3 Nc6 3. Bc4 e6 4. d3 d6 5. h3 Be7 6. Bd2 Bf6 7. Bc3 a6
8. a4 d5 9. exd5 exd5 10. Qe2+ Be6 11. Bb3 Bxc3+ 12. Nxc3 Nf6 13. Ng5 Nd4 14.
Qe3 O-O 15. Nxe6 fxe6 16. O-O Qd7 17. Rac1 Nxb3 18. cxb3 d4 19. Qe5 dxc3 20.
Rxc3 b6 21. g4 Nd5 22. Rc4 Qf7 23. f4 Rad8 24. Re4 Qf6 25. Qxe6+ Qxe6 26. Rxe6
Nxf4 27. Rxb6 Nxh3+ 28. Kg2 Nf4+ 29. Kg1 Nh3+ 30. Kg2 Nf4+ 31. Kg1 Rxd3 32. Re1
Rg3+ 33. Kh2 Rxg4 34. Re7 Nd5 0-1

[Event "Lansing (MI Am/4)"]
[Site "?"]
[Date "1993.??.??"]
[Round "?"]
[White "Troupe, D."]
[Black "Brelitch, D."]
[Result "1/2-1/2"]
[WhiteElo "1605"]
[BlackElo "1605"]
[PlyCount "109"]
[EventDate "1993.??.??"]

1. e4 d6 2. Nf3 Nf6 3. Nc3 g6 4. Bc4 Bg7 5. h3 O-O 6. d3 c5 7. Bd2 Nc6 8. O-O
Bd7 9. a3 Qc8 10. Kh2 a6 11. Bd5 Nxd5 12. Nxd5 Rb8 13. Qc1 Re8 14. Bh6 Be6 15.
Bxg7 Kxg7 16. Ng5 Bxd5 17. exd5 Nd4 18. Re1 Qf5 19. Qd2 Qxd5 20. Rab1 Nxc2 21.
Qxc2 Qxg5 22. Qc3+ Qf6 23. Qc2 Qd4 24. Re4 Qf6 25. Rbe1 e6 26. R1e3 b5 27. Rf3
Qe7 28. Qc3+ e5 29. Re2 Qe6 30. Rfe3 f6 31. f4 Rf8 32. fxe5 fxe5 33. Qa5 Ra8
34. Qb6 Rfe8 35. Rf2 Qe7 36. Ref3 Rf8 37. Rxf8 Rxf8 38. Rxf8 Qxf8 39. Qxa6 Qf4+
40. Kg1 Qe3+ 41. Kh2 Qxd3 42. Qb7+ Kf6 43. Qxh7 e4 44. Qh4+ Kg7 45. Qe7+ Kh6
46. Qh4+ Kg7 47. Qe7+ Kg8 48. Qe8+ Kg7 49. Qe7+ Kh6 50. Qh4+ Kg7 51. Qe7+ Kh8
52. Qe8+ Kg7 53. Qe7+ Kh6 54. Qh4+ Kg7 55. Qe7+ 1/2-1/2

[Event "East Lansing (MI Op/1a/19)"]
[Site "?"]
[Date "1993.??.??"]
[Round "?"]
[White "Triplett, Thomas"]
[Black "Ward, Tim"]
[Result "1/2-1/2"]
[WhiteElo "1960"]
[BlackElo "1900"]
[PlyCount "67"]
[EventDate "1993.??.??"]

1. e4 e6 2. d4 d5 3. Nd2 Nf6 4. e5 Nfd7 5. Bd3 c5 6. c3 Nc6 7. Ne2 cxd4 8. cxd4
Qc7 9. f4 Nb4 10. Bb1 a5 11. a3 Nc6 12. Bd3 b6 13. O-O Ba6 14. Bxa6 Rxa6 15. f5
Be7 16. fxe6 fxe6 17. Nf3 O-O 18. Bg5 Rxf3 19. gxf3 Bxg5 20. f4 Be7 21. Rc1 b5
22. Rf3 b4 23. Rh3 Qb6 24. a4 Nf8 25. b3 Ra8 26. Qd2 Rc8 27. Rf1 Ng6 28. Kh1
Nh4 29. Rd1 Nf5 30. Qd3 Qa7 31. Rc1 Qb7 32. Rg1 Qb6 33. Rc1 Qb7 34. Rg1 1/2-1/2

[Event "East Lansing (MI Op/2/23)"]
[Site "?"]
[Date "1993.??.??"]
[Round "?"]
[White "Triplett, Thomas"]
[Black "Vaka, Flamur"]
[Result "0-1"]
[WhiteElo "1960"]
[BlackElo "1710"]
[PlyCount "98"]
[EventDate "1993.??.??"]

{2/(23)} 1. e4 e5 2. Nf3 Nc6 3. Bb5 a6 4. Bxc6 dxc6 5. O-O Bg4 6. h3 Bh5 7. g4
Bg6 8. Nxe5 Qh4 9. Qf3 Bd6 10. Nxg6 hxg6 11. Kg2 Nh6 12. d4 O-O-O 13. Bxh6 Qxh6
14. e5 Be7 15. c3 Kb8 16. Rd1 f5 17. Nd2 Rdf8 18. g5 Qxg5+ 19. Qg3 Qh5 20. Qf3
Qh6 21. Nc4 g5 22. Rh1 Qg6 23. Ne3 Rh4 24. Qe2 f4 25. Qc2 Qe6 26. Ng4 f3+ 27.
Kf1 Qxg4 28. Rg1 Qxh3+ 29. Ke1 Qh2 30. Rf1 g4 31. Qg6 Qf4 32. Kd1 Bg5 33. Kc2
Rh2 34. Kb3 Qf7+ 35. Qxf7 Rxf7 36. Rae1 Bh4 37. e6 Re7 38. Re4 Rg2 39. c4 Bxf2
40. d5 cxd5 41. cxd5 Bb6 42. Rf4 f2 43. Kc4 g3 44. Rf7 Re8 45. e7 Ka7 46. Kd3
Rg1 47. Ke2 g2 48. R1xf2 Bxf2 49. Kxf2 Rf1+ 0-1

[Event "Flint (Class A/5)"]
[Site "?"]
[Date "1993.??.??"]
[Round "?"]
[White "Triplett, Thomas"]
[Black "June, Brian"]
[Result "1/2-1/2"]
[WhiteElo "1925"]
[BlackElo "1900"]
[PlyCount "84"]
[EventDate "1993.??.??"]

1. Nf3 c5 2. g3 Nc6 3. Bg2 Nf6 4. O-O d5 5. d3 e5 6. Bg5 Be7 7. Nbd2 O-O 8. c4
Be6 9. cxd5 Bxd5 10. Qc1 Rc8 11. b3 Re8 12. Rd1 Nd4 13. Kf1 h6 14. Bxf6 Bxf6
15. Ne4 b6 16. Qb2 Qe7 17. Rac1 g5 18. Nxd4 Bxe4 19. Bxe4 exd4 20. Qc2 Bg7 21.
Qc4 Qe5 22. Qd5 Qxd5 23. Bxd5 Be5 24. Rc2 Kf8 25. Kg2 Ke7 26. Rdc1 f5 27. b4
Bd6 28. b5 Kf6 29. Kf1 f4 30. Be4 Ke6 31. Rc4 Rf8 32. Kg2 Rc7 33. g4 Rh8 34. h3
h5 35. Bf5+ Kf6 36. Rh1 Re7 37. Be4 hxg4 38. hxg4 Ree8 39. Rcc1 Kg7 40. Rxh8
Rxh8 41. Rh1 Rxh1 42. Kxh1 Kf6 1/2-1/2

[Event "Flint (Class A/3)"]
[Site "?"]
[Date "1993.??.??"]
[Round "?"]
[White "Triplett, Thomas"]
[Black "Grossman, Jay"]
[Result "0-1"]
[WhiteElo "1925"]
[BlackElo "1800"]
[PlyCount "106"]
[EventDate "1993.??.??"]

1. e4 c5 2. Nc3 Nc6 3. g3 Nf6 4. Bg2 d6 5. f4 e6 6. Nf3 Be7 7. O-O O-O 8. d3 h6
9. Be3 Qc7 10. Nh4 Bd7 11. f5 Ne5 12. h3 Bc6 13. Qe1 d5 14. Bf4 Bd6 15. Qe2 b5
16. Nd1 b4 17. Nf2 Rfe8 18. Rae1 dxe4 19. Nxe4 Nxe4 20. Bxe4 Nd7 21. Qf3 Bxe4
22. dxe4 Bxf4 23. gxf4 e5 24. Re2 exf4 25. Qxf4 Qxf4 26. Rxf4 Ne5 27. b3 Rad8
28. Nf3 Rd1+ 29. Kg2 Ra1 30. Rd2 Nxf3 31. Rxf3 Rxa2 32. Re3 a5 33. e5 a4 34.
bxa4 Kf8 35. Ree2 Rxa4 36. Rd7 Raa8 37. Kf3 c4 38. Kf4 b3 39. cxb3 cxb3 40. e6
fxe6 41. Rg2 e5+ 42. Ke3 Re7 43. Rdd2 Kf7 44. Rb2 Rb7 45. Rgd2 Kf6 46. Rd6+
Kxf5 47. Rf2+ Kg5 48. Rg2+ Kh4 49. Rdd2 Ra2 50. Rxa2 bxa2 51. Rxa2 Kxh3 52. Ra3
Rf7 53. Ke4+ Kh4 0-1

[Event "Flint (Class A/2)"]
[Site "?"]
[Date "1993.??.??"]
[Round "?"]
[White "Triplett, Thomas"]
[Black "Garrison, Ray"]
[Result "0-1"]
[WhiteElo "1925"]
[BlackElo "1855"]
[PlyCount "70"]
[EventDate "1993.??.??"]

1. e4 e6 2. d4 d5 3. Nd2 c5 4. exd5 Qxd5 5. Ngf3 cxd4 6. Bc4 Qd6 7. O-O Nf6 8.
Nb3 Nc6 9. Nbxd4 Nxd4 10. Nxd4 a6 11. a4 Qc7 12. b3 Bd6 13. g3 O-O 14. Bb2 e5
15. Nf3 Bg4 16. Be2 Bh3 17. Re1 Ng4 18. Bf1 Bc5 19. Re2 Rad8 20. Qe1 e4 21. Nh4
Bxf1 22. Qxf1 Nxf2 23. Kg2 e3 24. Kg1 Rd7 25. Rae1 Rfd8 26. Bc1 Qc6 27. Ng2 Rd1
28. Bxe3 Rxe1 29. Rxe1 Nh3+ 30. Kh1 Bxe3 31. Rxe3 Qxc2 32. Qe1 Qc6 33. b4 h6
34. a5 Rd1 35. Re8+ Qxe8 0-1

[Event "East Lansing (MI Op/5/23)"]
[Site "?"]
[Date "1993.??.??"]
[Round "?"]
[White "Triplett, Thomas"]
[Black "Aldrich, Jeff"]
[Result "0-1"]
[WhiteElo "1960"]
[BlackElo "1900"]
[PlyCount "80"]
[EventDate "1993.??.??"]

{5/(23)} 1. e4 c6 2. d4 d5 3. Nd2 dxe4 4. Nxe4 Nd7 5. Nf3 e6 6. Be2 Ngf6 7. Ng3
c5 8. O-O b6 9. Bf4 Bb7 10. Qd2 Be7 11. Rad1 O-O 12. c3 Nd5 13. Ne5 cxd4 14.
Qxd4 Bf6 15. Qe4 Nc5 16. Qf3 Qe7 17. Qg4 Rad8 18. Nf3 e5 19. Bc1 Bc8 20. Qh5
Nf4 21. Bxf4 exf4 22. Rde1 fxg3 23. hxg3 Qc7 24. Kh1 Nd3 25. Rb1 Rfe8 26. Nd4
Nc5 27. Rbc1 Bb7 28. f4 g6 29. Qh2 Bxd4 30. cxd4 Rxd4 31. Bb5 Red8 32. b4 Rxb4
33. Bc4 Rb2 34. Rg1 Qe7 35. Qh6 Qf6 36. g4 Rdd2 37. Bf1 Ne4 38. Re1 Nf2+ 39.
Kh2 Nxg4+ 40. Kg3 Nxh6 0-1

[Event "Troy (TCC/X/3/9)"]
[Site "?"]
[Date "1993.??.??"]
[Round "?"]
[White "Townsend, Paul"]
[Black "Moody, David"]
[Result "0-1"]
[WhiteElo "1830"]
[BlackElo "2130"]
[PlyCount "50"]
[EventDate "1993.??.??"]

{3/(9)} 1. e3 e5 2. c4 Nc6 3. Nc3 g6 4. b3 Bg7 5. Bb2 Nge7 6. Bd3 O-O 7. a3 d5
8. cxd5 Nxd5 9. Be4 Be6 10. Nge2 f5 11. Bc2 Qh4 12. b4 f4 13. Nxd5 fxe3 14. O-O
exf2+ 15. Kh1 Bxd5 16. Bb3 Qe4 17. Bxd5+ Qxd5 18. Nc3 Qd3 19. Na4 Rad8 20. Bc3
b6 21. Qg4 Nd4 22. Qh4 Nf5 23. Qg4 e4 24. Nb2 Qc2 25. Rxf2 Bxc3 0-1

[Event "Troy (TCC/A/1b/7)"]
[Site "?"]
[Date "1993.??.??"]
[Round "?"]
[White "Townsend, Paul"]
[Black "Grams, Paul"]
[Result "1/2-1/2"]
[WhiteElo "1830"]
[BlackElo "1800"]
[PlyCount "54"]
[EventDate "1993.??.??"]

1. e3 d5 2. c4 Nf6 3. Nc3 c5 4. cxd5 Nxd5 5. d4 Nc6 6. Nf3 Bg4 7. Be2 e6 8. h3
cxd4 9. Nxd5 Bxf3 10. Bxf3 exd5 11. exd4 Bb4+ 12. Bd2 Qe7+ 13. Kf1 O-O 14. Bc3
Rad8 15. g3 Bxc3 16. bxc3 Qa3 17. Qb3 Qa6+ 18. Be2 Nxd4 19. cxd4 Qf6 20. Rd1
Rfe8 21. Qxb7 Re7 22. Qb3 Rde8 23. Bf3 Re3 24. Rd3 Qxf3 25. Rxe3 Qxh1+ 26. Ke2
Rxe3+ 27. Qxe3 Kf8 1/2-1/2

[Event "Troy (TCC/X/5/8)"]
[Site "?"]
[Date "1993.??.??"]
[Round "?"]
[White "Townsend, Paul"]
[Black "Beider, Andrew"]
[Result "0-1"]
[WhiteElo "1830"]
[BlackElo "2155"]
[PlyCount "86"]
[EventDate "1993.??.??"]

{5/(8)} 1. Nf3 Nf6 2. g3 g6 3. Bg2 Bg7 4. O-O c5 5. c4 Nc6 6. Nc3 O-O 7. d4
cxd4 8. Nxd4 a6 9. Nxc6 dxc6 10. Bg5 Be6 11. c5 h6 12. Bxf6 Bxf6 13. Qc2 Qa5
14. Ne4 Bg7 15. Qd2 Qxd2 16. Nxd2 Rad8 17. Nf3 Bc4 18. Rfe1 Rd7 19. e4 Rfd8 20.
e5 Be6 21. b4 Rd3 22. a4 g5 23. h4 g4 24. Nh2 h5 25. b5 axb5 26. axb5 Bd5 27.
bxc6 bxc6 28. Ra6 Rc8 29. e6 f5 30. Rc1 Bb2 31. Rb1 Bd4 32. Rc1 Kg7 33. Nf1 Bf3
34. Bxf3 Rxf3 35. Ra2 Kf6 36. Re2 Ra8 37. Nd2 Rxg3+ 38. Kh2 Rh3+ 39. Kg2 Rxh4
40. Rc4 Be5 41. Nb3 f4 42. f3 gxf3+ 43. Kxf3 Rh3+ 0-1

[Event "Troy (TCC/B/4/14)"]
[Site "?"]
[Date "1993.??.??"]
[Round "?"]
[White "Thurman, John"]
[Black "Venia, Mike"]
[Result "0-1"]
[WhiteElo "1745"]
[BlackElo "1605"]
[PlyCount "24"]
[EventDate "1993.??.??"]

{4/(14)} 1. e4 c5 2. f4 e5 3. fxe5 Qh4+ 4. Ke2 Qxe4+ 5. Kf2 c4 6. Nf3 Bc5+ 7.
Kg3 Qg6+ 8. Kf4 d5 9. h3 Bf2 10. g4 Qe4+ 11. Kg5 h6+ 12. Kh5 g6# 0-1

[Event "East Lansing (MI Op/2/38)"]
[Site "?"]
[Date "1993.??.??"]
[Round "?"]
[White "Thurman, John"]
[Black "Smith, Mike A"]
[Result "0-1"]
[WhiteElo "1700"]
[BlackElo "1920"]
[PlyCount "44"]
[EventDate "1993.??.??"]

{2/(38)} 1. e4 c6 2. d4 d5 3. exd5 cxd5 4. Bd3 Nc6 5. c3 Nf6 6. Nf3 Bg4 7. Bf4
Qb6 8. Qe2 Bxf3 9. Qxf3 Qxb2 10. O-O Qxa1 11. Qe2 e6 12. Bb5 Be7 13. Qc2 O-O
14. Rd1 Rfc8 15. Qb3 Na5 16. Qa4 Nc4 17. Bxc4 Rxc4 18. Qb3 Rac8 19. Bd2 Ne4 20.
Be1 R4c6 21. f3 Rb6 22. Qa3 Rxb1 0-1

[Event "Flint (MI Senior/1)"]
[Site "?"]
[Date "1993.??.??"]
[Round "?"]
[White "Thurman, John"]
[Black "Rosebrook, G."]
[Result "0-1"]
[WhiteElo "1745"]
[BlackElo "1605"]
[PlyCount "52"]
[EventDate "1993.??.??"]

1. e4 c5 2. c3 e6 3. d4 Nf6 4. Bg5 Be7 5. Nd2 Nc6 6. Ngf3 d6 7. Bc4 Qc7 8. Rc1
a6 9. a4 h6 10. Be3 Nxe4 11. Nxe4 d5 12. Bxd5 exd5 13. Nxc5 Bg4 14. O-O O-O-O
15. Nd3 Bd6 16. h3 Bh5 17. Kh1 Rhe8 18. Rg1 Re6 19. g4 Bg6 20. Nh4 Bh7 21. Qd2
Na5 22. Nf4 Be4+ 23. Nhg2 Rf6 24. Nh5 Rf3 25. Ng3 Bxg3 26. fxg3 Rxg3 0-1

[Event "Troy (TCC/B/5/13)"]
[Site "?"]
[Date "1993.??.??"]
[Round "?"]
[White "Thurman, John"]
[Black "Papanichola, D."]
[Result "1-0"]
[WhiteElo "1745"]
[BlackElo "1695"]
[PlyCount "91"]
[EventDate "1993.??.??"]

{5/(13)} 1. e4 d5 2. exd5 Qxd5 3. Nc3 Qa5 4. Nf3 Nf6 5. Bc4 Bf5 6. d3 e6 7. Bd2
c6 8. a3 Bd6 9. O-O O-O 10. Re1 Nbd7 11. Nb5 Bxh2+ 12. Nxh2 Qb6 13. Be3 c5 14.
b4 a6 15. Nc3 Qc7 16. Qd2 b5 17. Ba2 cxb4 18. axb4 Rac8 19. Ne2 e5 20. Bb3 Qc6
21. Ng3 Be6 22. Bxe6 Qxe6 23. Ne4 Nxe4 24. dxe4 Rc4 25. Qd5 Qxd5 26. exd5 Ra8
27. Rab1 Rxc2 28. Rec1 Rc4 29. Rxc4 bxc4 30. Rc1 Rc8 31. Nf3 c3 32. Bc5 a5 33.
Rxc3 a4 34. Bd4 Ra8 35. Nxe5 Nxe5 36. Bxe5 a3 37. Rc5 f6 38. Bc3 a2 39. Ra5 Rc8
40. Bb2 Rd8 41. Bd4 Rd7 42. Kf1 Kf7 43. Ke2 h5 44. Kd3 g6 45. Kc4 Rc7+ 46. Bc5
1-0

[Event "East Lansing (MI Op/6/27)"]
[Site "?"]
[Date "1993.??.??"]
[Round "?"]
[White "Thurman, John"]
[Black "Ford, William"]
[Result "1-0"]
[WhiteElo "1700"]
[BlackElo "1930"]
[PlyCount "55"]
[EventDate "1993.??.??"]

{6/(27)} 1. e4 e5 2. Nf3 Nf6 3. Nc3 Nc6 4. Bb5 d6 5. d4 Bd7 6. O-O Nxd4 7. Nxd4
exd4 8. Qxd4 Be7 9. Be3 O-O 10. Rad1 Ng4 11. Bxd7 Qxd7 12. Bf4 Bf6 13. e5 Be7
14. exd6 Bf6 15. Qd2 c6 16. h3 Ne5 17. Bxe5 Bxe5 18. f4 Bf6 19. b3 Rfe8 20.
Rfe1 c5 21. Ne4 Bd4+ 22. Kf1 f5 23. Nxc5 Bxc5 24. Qd5+ Kh8 25. Qxc5 Rac8 26.
Rxe8+ Rxe8 27. Qd5 Re4 28. Rd4 1-0

[Event "Flint (MI Senior/3)"]
[Site "?"]
[Date "1993.??.??"]
[Round "?"]
[White "Thurman, John"]
[Black "Foord, Allan"]
[Result "0-1"]
[WhiteElo "1745"]
[BlackElo "1605"]
[PlyCount "54"]
[EventDate "1993.??.??"]

1. e4 c5 2. c3 Nc6 3. d4 cxd4 4. cxd4 e6 5. Nf3 a6 6. Be3 d5 7. exd5 exd5 8.
Nc3 Nf6 9. Be2 Bb4 10. O-O O-O 11. Rc1 Ng4 12. Bf4 Be6 13. a3 Bd6 14. Qd2 Qc7
15. Bxd6 Qxd6 16. h3 Nf6 17. Ng5 Bf5 18. f4 h6 19. Nf3 Ne4 20. Qe1 Qxf4 21.
Nxd5 Qd6 22. Ne3 Be6 23. Rd1 Rad8 24. Nc4 Qg3 25. Qxg3 Nxg3 26. Bd3 Nxf1 27.
Kxf1 g6 0-1

[Event "Troy (TCC/B/1a/8)"]
[Site "?"]
[Date "1993.??.??"]
[Round "?"]
[White "Thurman, John"]
[Black "Foord, Allan"]
[Result "1/2-1/2"]
[WhiteElo "1745"]
[BlackElo "1605"]
[PlyCount "111"]
[EventDate "1993.??.??"]

1. e4 c5 2. f4 d6 3. Nf3 Nc6 4. Bb5 Bd7 5. O-O e6 6. d4 cxd4 7. Nxd4 Qb6 8. Be3
Nxd4 9. Bxd7+ Kxd7 10. Bxd4 Qc7 11. c3 Ne7 12. Nd2 Nc6 13. Nf3 Nxd4 14. Qxd4 d5
15. Ne5+ Ke8 16. Nd3 dxe4 17. Qxe4 Rd8 18. Rae1 Qc6 19. Qxc6+ bxc6 20. Ne5 Bc5+
21. Kh1 Rd2 22. Nc4 Rf2 23. Rxf2 Bxf2 24. Re2 Bh4 25. g3 Be7 26. f5 exf5 27.
Nd6+ Kd7 28. Nxf5 Bf6 29. Kg2 g6 30. Rd2+ Kc7 31. Nd4 Rd8 32. Kf3 Bxd4 33. Rxd4
Rxd4 34. cxd4 Kd6 35. g4 Kd5 36. Ke3 f6 37. h4 h6 38. b3 c5 39. dxc5 Kxc5 40.
h5 gxh5 41. gxh5 Kb4 42. Kf4 Ka3 43. Kf5 Kxa2 44. Kxf6 Kxb3 45. Kg6 a5 46. Kxh6
a4 47. Kg7 a3 48. h6 a2 49. h7 a1=Q+ 50. Kg8 Qg1+ 51. Kh8 Qd4+ 52. Kg8 Qg4+ 53.
Kh8 Qc8+ 54. Kg7 Qd7+ 55. Kg8 Qe8+ 56. Kg7 1/2-1/2

[Event "East Lansing (MI Op/5/35)"]
[Site "?"]
[Date "1993.??.??"]
[Round "?"]
[White "Thurman, John"]
[Black "Brady, Lindell"]
[Result "1-0"]
[WhiteElo "1700"]
[BlackElo "1925"]
[PlyCount "59"]
[EventDate "1993.??.??"]

{5/(35)} 1. e4 e5 2. Nf3 Nc6 3. Bb5 a6 4. Ba4 Nf6 5. O-O Be7 6. Re1 b5 7. Bb3
O-O 8. c3 d5 9. exd5 Nxd5 10. Nxe5 Nxe5 11. Rxe5 c6 12. Bxd5 cxd5 13. Qf3 Bd6
14. Re1 Qh4 15. g3 Qh3 16. Qg2 Qh5 17. d4 Bh3 18. Qh1 Rae8 19. Be3 Re6 20. Nd2
f5 21. Qxd5 Qg6 22. Bf4 Bxf4 23. Rxe6 Qf7 24. gxf4 Kh8 25. Nf3 h6 26. Ne5 Qh5
27. Ng6+ Kh7 28. Nxf8+ Kh8 29. Ng6+ Kh7 30. Qa8 1-0

[Event "East Lansing (MI Op/4/2)"]
[Site "?"]
[Date "1993.??.??"]
[Round "?"]
[White "Thompson, Dexter"]
[Black "Tsemekhman, Vadim"]
[Result "0-1"]
[WhiteElo "2265"]
[BlackElo "2430"]
[PlyCount "118"]
[EventDate "1993.??.??"]

{4/(2)} 1. e4 e6 2. d4 d5 3. e5 c5 4. c3 Ne7 5. Nf3 Nec6 6. Bd3 b6 7. Qe2 cxd4
8. Nxd4 Nxd4 9. cxd4 Nc6 10. Be3 Nb4 11. Bb5+ Bd7 12. Nc3 Bxb5 13. Qxb5+ Qd7
14. Kd2 Qxb5 15. Nxb5 Kd7 16. Rhc1 Nc6 17. a3 a6 18. Nc3 Na5 19. Na4 Rb8 20.
Rc3 Nc4+ 21. Kc2 Be7 22. b4 Rhc8 23. Kb3 b5 24. Nc5+ Bxc5 25. dxc5 a5 26. Bd4
Ra8 27. Rcc1 Ra6 28. Rc2 Kc6 29. Rca2 Rca8 30. f3 f6 31. f4 fxe5 32. Bxe5 g5
33. g3 axb4 34. axb4 Rxa2 35. Rxa2 Rxa2 36. Kxa2 g4 37. Kb3 Nd2+ 38. Kc2 Nf3
39. Kd3 Nxh2 40. Ke3 h5 41. f5 exf5 42. Kf4 Nf3 43. Bf6 d4 44. Bg7 d3 45. Ke3
d2 46. Ke2 f4 47. gxf4 g3 48. Bc3 g2 49. Bxd2 g1=Q 50. Kxf3 h4 51. f5 h3 52.
Bf4 h2 53. Bxh2 Qxh2 54. Ke4 Qh4+ 55. Ke5 Qxb4 56. f6 Qxc5+ 57. Ke6 b4 58. Kf7
b3 59. Kg8 b2 0-1

[Event "Eastpointe (MI Action/1/3)"]
[Site "?"]
[Date "1993.??.??"]
[Round "?"]
[White "Thompson, Dexter"]
[Black "Stemmler, Daniel"]
[Result "1-0"]
[WhiteElo "2235"]
[BlackElo "1605"]
[PlyCount "63"]
[EventDate "1993.??.??"]

{1/(3)} 1. e4 c6 2. Nc3 d5 3. Nf3 Bg4 4. h3 Bh5 5. g4 Bg6 6. exd5 cxd5 7. Bb5+
Nc6 8. d4 e6 9. Ne5 Rc8 10. h4 f5 11. h5 Bf7 12. gxf5 exf5 13. Qf3 Nf6 14. Qxf5
a6 15. Nxc6 bxc6 16. Bxa6 Rb8 17. b3 Bb4 18. Bd2 Qa5 19. Kd1 Bxc3 20. Re1+ Kf8
21. h6 Ne4 22. hxg7+ Kxg7 23. Qe5+ Kg8 24. Qxb8+ Kg7 25. Qe5+ Kg8 26. Rg1+ Bg6
27. Qe6+ Kg7 28. Qe7+ Kg8 29. Bh6 Nxf2+ 30. Ke2 Qxa6+ 31. Kf3 Bxd4 32. Qf8# 1-0